<?xml version="1.0" encoding="UTF-8"?>
<record
    xmlns:xsi="http://www.w3.org/2001/XMLSchema-instance"
    xsi:schemaLocation="http://www.loc.gov/MARC21/slim http://www.loc.gov/standards/marcxml/schema/MARC21slim.xsd"
    xmlns="http://www.loc.gov/MARC21/slim">

  <leader>05409cam a22005294i 4500</leader>
  <controlfield tag="003">PE-LiUPU</controlfield>
  <controlfield tag="005">20250731184537.0</controlfield>
  <controlfield tag="008">180308s2013    ne a    rb    001 0 eng d</controlfield>
  <datafield tag="020" ind1=" " ind2=" ">
    <subfield code="a">9789004244504</subfield>
  </datafield>
  <datafield tag="035" ind1=" " ind2=" ">
    <subfield code="a">(Sirsi) a241475</subfield>
  </datafield>
  <datafield tag="040" ind1=" " ind2=" ">
    <subfield code="a">PE-LiUPU</subfield>
    <subfield code="b">spa</subfield>
    <subfield code="c">PE-LiUPU</subfield>
    <subfield code="e">rda</subfield>
  </datafield>
  <datafield tag="049" ind1=" " ind2=" ">
    <subfield code="a">PRUA</subfield>
  </datafield>
  <datafield tag="082" ind1="0" ind2="0">
    <subfield code="a">946.04</subfield>
    <subfield code="b">T4</subfield>
    <subfield code="2">23</subfield>
  </datafield>
  <datafield tag="245" ind1="0" ind2="2">
    <subfield code="a">The orient in Spain:</subfield>
    <subfield code="b">Converted Muslims, the forged lead books of Granada, and the rise of Orientalism /</subfield>
    <subfield code="c">edited by Mercedes Garc&#xED;a-Arenal and Fernando Rodr&#xED;guez Mediano.</subfield>
  </datafield>
  <datafield tag="264" ind1=" " ind2="1">
    <subfield code="a">Leiden :</subfield>
    <subfield code="b">Brill,</subfield>
    <subfield code="c">2013.</subfield>
  </datafield>
  <datafield tag="300" ind1=" " ind2=" ">
    <subfield code="a">ix, 475 p&#xE1;ginas :</subfield>
    <subfield code="b">ilustraciones ;</subfield>
    <subfield code="c">24 cent&#xED;metros.</subfield>
  </datafield>
  <datafield tag="336" ind1=" " ind2=" ">
    <subfield code="a">text</subfield>
    <subfield code="2">rdacontent</subfield>
  </datafield>
  <datafield tag="337" ind1=" " ind2=" ">
    <subfield code="a">unmediated</subfield>
    <subfield code="2">rdamedia</subfield>
  </datafield>
  <datafield tag="338" ind1=" " ind2=" ">
    <subfield code="a">volume</subfield>
    <subfield code="2">rdacarrier</subfield>
  </datafield>
  <datafield tag="490" ind1="0" ind2=" ">
    <subfield code="a">Numen book series. studies in the history of religions ;</subfield>
    <subfield code="v">142</subfield>
  </datafield>
  <datafield tag="504" ind1=" " ind2=" ">
    <subfield code="a">Bibliograf&#xED;a : p&#xE1;ginas 425-447.</subfield>
  </datafield>
  <datafield tag="504" ind1=" " ind2=" ">
    <subfield code="a">&#xCD;ndice : p&#xE1;ginas 461-475.</subfield>
  </datafield>
  <datafield tag="505" ind1="0" ind2=" ">
    <subfield code="a">Introduction -- The sacromonte lead books: the events -- The Turpiana tower parchment -- Archbishop Don Pedro de Castro -- The lead books -- The reception of the finds -- The evaluation process -- Polemics and resistance -- The lead books leave granda -- The lead books in Rome -- The defensorios -- Granada conquered: Castilianization and conversion -- Granada conquered -- Language and evangelization -- The eradication of Arabic -- The defense of Arabic and its persistence in Granada -- Reformers and alumbrados -- Granda and its Moriscos around 1580 -- The noble families -- Old christians of Moorish origin -- Conversion -- Integration -- Muley Fez and Granada  Venegas -- The happy former days of our glory -- The origen de la casa de Granada -- The Granada Venegas Literary Tertulia -- Alonso del Castillo: Translator, author? -- Alonso del Castillo and other translators of the parchment -- The Chapiz family -- Physician -- Translator -- The War -- The prophecies -- Alonso del Castillo&#xB4;s friends: Priests, soldiers, interpreters -- Priests -- Diego Mar&#xED;n -- Francisco L&#xF3;pez Tamarid -- Diego Mar&#xED;n in Morocco -- Diego Mar&#xED;n&#xB4;s diplomatic career -- Diego Bejarano Al-Hajar&#xED; and the Morisco Understanding of the lead books -- Diego Bejarano or Ahmad B. Qasim Al-Hajar&#xED; -- Al-Hajar&#xED; and the parchment and lead books -- Miguel de Luna: Historian, novelist, pysician -- The historia verdadera del rey Don Rodrigo -- Physician: The tratado de los ba&#xF1;os (treatise on baths) -- Miguel de Luna, Pedro Guerra de Lorca, and Benito Arias Montano -- The lead books translated -- The solomonic letters -- Friendship with Joan de Far&#xED;a -- Miguel de la Luna and the Moriscos of Toledo: "There is no better moor in Spain" -- Jer&#xF3;nimo Rom&#xE1;n de la Higuera: The false chronicles and the sacromonte lead books -- Annius of Viterbo an spain -- Diego de Urrea -- Diego de Urrea between Italy and North Africa -- Urrea in Spain -- Diego de Urrea and the lead books -- Urrea the historian -- Diplomatic missions -- Diego de Urrea in Naples -- Francisco de Gurmendi -- Marcos Dobelio -- The sacromonte seeks arabic translators -- An Arabist in Italy and Spain -- Marcos Dobelio and the Arabic manuscripts of el Escorial -- Marcos Dobelio&#xB4;s Arabic books -- A partial translation of Abu I-Fida&#xB4;s History -- A translation of a Medical work and a grammar -- Dobelio&#xB4;s papers -- Marcos Dobelio and the books from Pastrana: The Islamic content of the lead books -- Writing and Necromancy -- Pastrana -- The pastrana books -- Genealogies, religious polemic, and stories of the prophets -- Islamic texts for a Morisco audience -- Muhammad Alguazir or Diego Alguacil -- Is the arabic of the lead books the language of Islam? -- The laminae granatenses and the Vatican experts -- Arabic in Rome -- Mohammedan terms -- Father Tom&#xE1;s de Le&#xF3;n and the Marquis of Mond&#xE9;jear: A learned correspondence -- Gaspar Ib&#xE1;nez de Segovia, Marquis of Agr&#xF3;poli and of Mond&#xE9;jar -- Father Tom&#xE1;s de Le&#xF3;n -- Works by Tom&#xE1;s de Le&#xF3;n -- Father Tirso Gonz&#xE1;lez de Santalla -- Tom&#xE1;s de Le&#xF3;n and the sacromonte Abbey -- Tom&#xE1;s de Le&#xF3;n, orientalist -- Networks of Arabists -- Mart&#xED;n V&#xE1;zquez Siruela -- A circle of orientalists? -- The arabic language as a tool for Scholarship -- In defense of oriental languages -- Arabic script -- Manuscripts and translations -- The orient in Spain -- Problems of Chronology: The Hijra -- The orient in Spain: Judaism -- The orient in Spain: Egupt -- Egyptian chronology -- "The perverse domestic enemies of the church" -- Epilogue -- Sources and bibliography -- Illustrations -- Index of persons -- Index of places.</subfield>
  </datafield>
  <datafield tag="526" ind1=" " ind2=" ">
    <subfield code="a">P136</subfield>
  </datafield>
  <datafield tag="526" ind1=" " ind2=" ">
    <subfield code="a">P135</subfield>
  </datafield>
  <datafield tag="526" ind1=" " ind2=" ">
    <subfield code="a">P134</subfield>
  </datafield>
  <datafield tag="526" ind1=" " ind2=" ">
    <subfield code="a">P133</subfield>
  </datafield>
  <datafield tag="526" ind1=" " ind2=" ">
    <subfield code="a">P144</subfield>
  </datafield>
  <datafield tag="526" ind1=" " ind2=" ">
    <subfield code="a">P143</subfield>
  </datafield>
  <datafield tag="526" ind1=" " ind2=" ">
    <subfield code="a">P87</subfield>
  </datafield>
  <datafield tag="526" ind1=" " ind2=" ">
    <subfield code="a">P35</subfield>
  </datafield>
  <datafield tag="526" ind1=" " ind2=" ">
    <subfield code="a">P20</subfield>
  </datafield>
  <datafield tag="526" ind1=" " ind2=" ">
    <subfield code="a">P14</subfield>
  </datafield>
  <datafield tag="526" ind1=" " ind2=" ">
    <subfield code="a">P10</subfield>
  </datafield>
  <datafield tag="526" ind1=" " ind2=" ">
    <subfield code="a">P06</subfield>
  </datafield>
  <datafield tag="650" ind1="0" ind2="4">
    <subfield code="a">Orientalismo</subfield>
    <subfield code="x">Orientalism.</subfield>
  </datafield>
  <datafield tag="650" ind1="0" ind2="4">
    <subfield code="a">Conversi&#xF3;n</subfield>
    <subfield code="x">Conversion.</subfield>
  </datafield>
  <datafield tag="650" ind1="0" ind2="4">
    <subfield code="a">Libros sagrados</subfield>
    <subfield code="x">Sacred books.</subfield>
  </datafield>
  <datafield tag="700" ind1="1" ind2=" ">
    <subfield code="a">Rodr&#xED;guez Mediano, Fernando,</subfield>
    <subfield code="e">editor.</subfield>
  </datafield>
  <datafield tag="700" ind1="1" ind2=" ">
    <subfield code="a">L&#xF3;pez-Morillas, Consuelo,</subfield>
    <subfield code="e">editor.</subfield>
  </datafield>
  <datafield tag="910" ind1=" " ind2=" ">
    <subfield code="a">dbm</subfield>
    <subfield code="b">wmm</subfield>
    <subfield code="c">wmm</subfield>
    <subfield code="d">20180308</subfield>
  </datafield>
  <datafield tag="942" ind1=" " ind2=" ">
    <subfield code="2">ddc</subfield>
    <subfield code="c">BOOK</subfield>
  </datafield>
  <datafield tag="994" ind1=" " ind2=" ">
    <subfield code="a">C0</subfield>
    <subfield code="b">PEPRU</subfield>
  </datafield>
  <datafield tag="596" ind1=" " ind2=" ">
    <subfield code="a">1</subfield>
  </datafield>
  <datafield tag="999" ind1=" " ind2=" ">
    <subfield code="a">946.04 T4</subfield>
    <subfield code="w">DEWEY</subfield>
    <subfield code="c">27102</subfield>
    <subfield code="i">78365</subfield>
    <subfield code="f">2021-11-30</subfield>
    <subfield code="g">4</subfield>
    <subfield code="l">CCODEBUL1</subfield>
    <subfield code="m">BUL</subfield>
    <subfield code="p">35.00</subfield>
    <subfield code="r">0</subfield>
    <subfield code="s">Y</subfield>
    <subfield code="t">BOOK</subfield>
    <subfield code="u">2018-3-8</subfield>
    <subfield code="x">TEOLOGIA</subfield>
    <subfield code="P">P35</subfield>
    <subfield code="0">COMPRA</subfield>
    <subfield code="o">.STAFF. Colecci&#xF3;n Teolog&#xED;a</subfield>
    <subfield code="d">27102</subfield>
  </datafield>
  <datafield tag="980" ind1=" " ind2=" ">
    <subfield code="8">1</subfield>
    <subfield code="g">ALBERTO SANCHEZ Responsable de Automatizaci&#xF3;n</subfield>
  </datafield>
  <datafield tag="952" ind1=" " ind2=" ">
    <subfield code="r">2025-12-03 00:00:00</subfield>
    <subfield code="i">5</subfield>
    <subfield code="l">0</subfield>
    <subfield code="o">946.04 T4</subfield>
    <subfield code="p">78365</subfield>
    <subfield code="t">e1</subfield>
    <subfield code="v">40.00</subfield>
    <subfield code="w">2018-03-08</subfield>
    <subfield code="x">FT</subfield>
    <subfield code="y">BK</subfield>
    <subfield code="z">inventario-2023-12-13</subfield>
    <subfield code="1">0</subfield>
    <subfield code="2">ddc</subfield>
    <subfield code="5">0</subfield>
    <subfield code="7">0</subfield>
    <subfield code="8">GEN</subfield>
    <subfield code="f">P35</subfield>
    <subfield code="a">BUL</subfield>
    <subfield code="b">BUL</subfield>
    <subfield code="c">GEN</subfield>
    <subfield code="d">2018-03-08</subfield>
    <subfield code="e">COMPRA</subfield>
    <subfield code="g">35.00</subfield>
  </datafield>
</record>
